[Event "Gibraltar Masters Open 2015"]
[Site "Caleta ENG"]
[Date "2015.02.01"]
[Round "6"]
[White "Cheparinov, Ivan"]
[Black "Stefanova, Antoaneta"]
[Result "1-0"]
[WhiteElo "2681"]
[BlackElo "2515"]
[PlyCount "123"]
[EventDate "2015.01.27"]

1. Nf3 d5 2. c4 d4 3. b4 Bg4 4. e3 e5 5. h3 Bxf3 6. Qxf3 Nc6 7. a3 Nf6 8. e4 a5
9. b5 Nb8 10. d3 Nbd7 11. g3 c6 12. Nd2 cxb5 13. cxb5 Nb6 14. h4 Qc7 15. Rb1
Nfd7 16. Bh3 Qc2 17. Bxd7+ Nxd7 18. Ke2 Qa2 19. Rb2 Qe6 20. Rc2 Nb6 21. Qf5 Na4
22. Qxe6+ fxe6 23. Nc4 Nc3+ 24. Rxc3 dxc3 25. Be3 Rc8 26. Rc1 Bc5 27. Rxc3 Bxe3
28. Kxe3 Ke7 29. Rb3 a4 30. Rb4 Rc5 31. g4 Rd8 32. Nxe5 g5 33. h5 Rc3 34. Rxa4
Rb3 35. Ra5 Kf6 36. f4 Rb1 37. b6 gxf4+ 38. Kxf4 h6 39. Ke3 Re1+ 40. Kf2 Rb1
41. Ke2 Rxb6 42. g5+ hxg5 43. Ng4+ Ke7 44. Rxg5 Rb3 45. Nf2 Rxa3 46. Ke3 Ra2
47. Rg7+ Kf6 48. Rg6+ Ke7 49. Rg7+ Kf6 50. Rg6+ Ke7 51. h6 Rxf2 52. Kxf2 Rxd3
53. Kg2 Rd8 54. e5 Rh8 55. Kg3 Kf7 56. Rf6+ Ke7 57. Kh4 b5 58. Kh5 b4 59. Rf4
Rb8 60. h7 b3 61. Rg4 Rh8 62. Rg7+ 1-0

[Event "Gibraltar Masters Open 2015"]
[Site "Caleta ENG"]
[Date "2015.02.01"]
[Round "6"]
[White "Ju, Wenjun"]
[Black "Nakar, Eylon"]
[Result "1/2-1/2"]
[WhiteElo "2547"]
[BlackElo "2419"]
[PlyCount "32"]
[EventDate "2015.01.27"]

1. Nf3 Nf6 2. c4 g6 3. d4 Bg7 4. g3 O-O 5. Bg2 c6 6. O-O d5 7. cxd5 cxd5 8. Nc3
b6 9. Bf4 Bb7 10. Rc1 Nc6 11. Ne5 Rc8 12. Qd2 e6 13. Bg5 Ne7 14. g4 Nd7 15. Nf3
Nf6 16. Ne5 Nd7 1/2-1/2

[Event "Gibraltar Masters Open 2015"]
[Site "Caleta ENG"]
[Date "2015.02.01"]
[Round "6"]
[White "Muzychuk, Anna"]
[Black "Walton, Alan J"]
[Result "1-0"]
[WhiteElo "2544"]
[BlackElo "2129"]
[PlyCount "180"]
[EventDate "2015.01.27"]

1. e4 e6 2. d4 d5 3. Nc3 Nf6 4. Bg5 Bb4 5. e5 h6 6. Be3 Ne4 7. a3 Bxc3+ 8. bxc3
c5 9. Bd3 Nxc3 10. Qg4 Kf8 11. dxc5 Nc6 12. Nf3 d4 13. Bd2 Qd5 14. Bxc3 dxc3
15. O-O Nxe5 16. Nxe5 Qxe5 17. Rad1 Bd7 18. Be4 Bc6 19. Bxc6 bxc6 20. Rfe1 Qxc5
21. Rd7 Kg8 22. Rxe6 Qxa3 23. h4 Qc1+ 24. Kh2 Qxc2 25. Qf3 Rf8 26. Rxc6 Qa4 27.
h5 Qh4+ 28. Kg1 Qb4 29. Rc8 Qb1+ 30. Kh2 Kh7 31. Rxc3 Rhg8 32. Rb7 Qe1 33. Rxa7
Qe5+ 34. g3 Rc8 35. Rxc8 Rxc8 36. Qxf7 Rg8 37. Ra6 Kh8 38. Re6 Qc3 39. Qf4 Qd3
40. Qe5 Qd2 41. Kh3 Qc1 42. Kg2 Qd2 43. Rd6 Qc1 44. g4 Kh7 45. Rg6 Qd1 46. Qc3
Qd7 47. Qe5 Rf8 48. Re6 Qd2 49. Qe2 Qg5 50. Qe4+ Kg8 51. Re5 Qc1 52. g5 hxg5
53. h6 Qf4 54. Qxf4 gxf4 55. Rg5 f3+ 56. Kg3 Rf6 57. hxg7 Rf7 58. Kg4 Rf6 59.
Kh4 Rh6+ 60. Kg3 Rf6 61. Kg4 Rf7 62. Rg6 Ra7 63. Kxf3 Ra4 64. Kg3 Rc4 65. f4
Rc1 66. Kf3 Rc7 67. Kg4 Rc1 68. Kf5 Rc5+ 69. Ke4 Rc4+ 70. Ke5 Rc5+ 71. Kd4 Ra5
72. Rg2 Ra4+ 73. Ke5 Ra5+ 74. Kf6 Ra6+ 75. Kf5 Ra5+ 76. Kg6 Ra6+ 77. Kh5 Ra5+
78. Kg6 Ra6+ 79. Kh5 Ra5+ 80. Kh4 Ra6 81. Rg5 Ra1 82. Kh5 Ra6 83. Kg4 Ra1 84.
Kh5 Ra6 85. f5 Rf6 86. Kg4 Rf7 87. Rg6 Rxg7 88. Kg5 Kf7 89. Kh6 Rxg6+ 90. fxg6+
Kg8 1-0

[Event "Gibraltar Masters Open 2015"]
[Site "Caleta ENG"]
[Date "2015.02.01"]
[Round "6"]
[White "Christiansen, Johan-Sebastian"]
[Black "Khotenashvili, Bela"]
[Result "1-0"]
[WhiteElo "2354"]
[BlackElo "2526"]
[PlyCount "87"]
[EventDate "2015.01.27"]

1. Nf3 d5 2. c4 e6 3. g3 Nf6 4. Bg2 Be7 5. d4 O-O 6. Qc2 c5 7. O-O cxd4 8. Nxd4
Nc6 9. Nxc6 bxc6 10. Rd1 Qb6 11. Nc3 Ng4 12. e3 Ba6 13. Na4 Qb4 14. b3 Rac8 15.
h3 Ne5 16. Bb2 Bf6 17. Bc3 Qe7 18. e4 Nd7 19. Qd2 Rfd8 20. exd5 cxd5 21. Bxf6
Nxf6 22. Qa5 Qd6 23. Rac1 h5 24. Bf1 Bb7 25. c5 Qb8 26. b4 h4 27. g4 d4 28. b5
Bf3 29. Rd3 Qf4 30. Qd2 Qe4 31. c6 e5 32. Nc3 Qg6 33. Rxf3 dxc3 34. Qxc3 e4 35.
Rxf6 gxf6 36. Qe3 f5 37. Rc5 Rd1 38. Rxf5 Qd6 39. Qg5+ Kf8 40. Qh5 Qe6 41. Re5
Qf6 42. Rf5 Qg7 43. Kg2 Re1 44. Rc5 1-0

[Event "Gibraltar Masters Open 2015"]
[Site "Caleta ENG"]
[Date "2015.02.01"]
[Round "6"]
[White "Codenotti, Marco"]
[Black "Cramling, Pia"]
[Result "1-0"]
[WhiteElo "2374"]
[BlackElo "2518"]
[PlyCount "83"]
[EventDate "2015.01.27"]

1. e4 c5 2. Nf3 Nc6 3. d4 cxd4 4. Nxd4 Qb6 5. Nb3 Nf6 6. Nc3 e6 7. Be3 Qc7 8.
a3 a6 9. f4 d6 10. g4 b5 11. Qe2 Be7 12. O-O-O Nd7 13. g5 Rb8 14. h4 Nc5 15.
Nxc5 dxc5 16. Bh3 b4 17. axb4 Rxb4 18. f5 Nd4 19. Qd3 O-O 20. Kb1 Qb6 21. Bc1
Bd7 22. Na2 Bb5 23. Qe3 Ra4 24. b3 Nxc2 25. Kxc2 Rxa2+ 26. Bb2 Rb8 27. Qc3 Bf8
28. fxe6 fxe6 29. Kb1 Rxb2+ 30. Kxb2 g6 31. e5 c4 32. Rd6 Qf2+ 33. Ka1 Qc5 34.
Bxe6+ Kh8 35. b4 Qxd6 36. exd6+ Bg7 37. Qxg7+ Kxg7 38. Rf1 Rf8 39. d7 Bxd7 40.
Rf7+ Kh8 41. Rxd7 h6 42. h5 1-0

[Event "Gibraltar Masters Open 2015"]
[Site "Caleta ENG"]
[Date "2015.02.02"]
[Round "7"]
[White "Teran Alvarez, Ismael"]
[Black "Ju, Wenjun"]
[Result "0-1"]
[WhiteElo "2430"]
[BlackElo "2547"]
[PlyCount "92"]
[EventDate "2015.01.27"]

1. c4 g6 2. g3 Bg7 3. Bg2 Nf6 4. Nc3 O-O 5. Nf3 d6 6. O-O Nc6 7. Rb1 a5 8. a3
e5 9. d3 h6 10. b4 axb4 11. axb4 Be6 12. b5 Ne7 13. Nd2 c6 14. Qb3 d5 15. Ba3
Re8 16. Bc5 Nf5 17. bxc6 bxc6 18. Qb7 Nd7 19. Bb4 dxc4 20. Bxc6 Rb8 21. Qa7 Qc8
22. Bg2 cxd3 23. Rfc1 dxe2 24. Nxe2 Qd8 25. Rd1 Nd4 26. Nxd4 exd4 27. Bd6 Rxb1
28. Rxb1 Bf5 29. Rc1 Ne5 30. Qa4 Nd3 31. Rf1 Re6 32. Ba3 h5 33. h3 Qe8 34.
Qxe8+ Rxe8 35. Nf3 Re2 36. Bd6 Nb2 37. Bf4 d3 38. Nh4 Be6 39. Bf3 Rc2 40. g4
hxg4 41. hxg4 d2 42. Be2 Bc3 43. Ng2 Bc4 44. Bxc4 Nxc4 45. Ne3 Nxe3 46. Bxe3
Bd4 0-1

[Event "Gibraltar Masters Open 2015"]
[Site "Caleta ENG"]
[Date "2015.02.02"]
[Round "7"]
[White "Salomon, Johan"]
[Black "Muzychuk, Mariya"]
[Result "0-1"]
[WhiteElo "2319"]
[BlackElo "2520"]
[PlyCount "70"]
[EventDate "2015.01.27"]

1. d4 d5 2. c4 c6 3. Nc3 Nf6 4. Nf3 e6 5. Bg5 h6 6. Bxf6 Qxf6 7. e3 Nd7 8. Bd3
dxc4 9. Bxc4 g6 10. O-O Bg7 11. e4 e5 12. d5 O-O 13. dxc6 bxc6 14. Qc2 Nc5 15.
Na4 Nxa4 16. Qxa4 h5 17. Rad1 h4 18. Qa3 h3 19. g3 Bg4 20. Be2 Rfd8 21. Qc3 Bf8
22. a3 a5 23. Rfe1 Rxd1 24. Rxd1 Rb8 25. Kf1 Bxf3 26. Bxf3 Bc5 27. b3 a4 28. b4
Bd4 29. Qd3 c5 30. Rb1 cxb4 31. axb4 Rc8 32. Qe2 Rc3 33. Bg4 Rb3 34. Rxb3 axb3
35. f3 Qc6 0-1

[Event "Gibraltar Masters Open 2015"]
[Site "Caleta ENG"]
[Date "2015.02.02"]
[Round "7"]
[White "Khotenashvili, Bela"]
[Black "Cordes, Hans-Joerg"]
[Result "1-0"]
[WhiteElo "2526"]
[BlackElo "2262"]
[PlyCount "57"]
[EventDate "2015.01.27"]

1. Nf3 d5 2. c4 e6 3. g3 c5 4. Bg2 Nc6 5. O-O Nf6 6. d4 Be7 7. cxd5 exd5 8. Nc3
O-O 9. b3 Bg4 10. Bb2 cxd4 11. Nxd4 Qd7 12. Re1 Rad8 13. Rc1 Rfe8 14. a3 Bh3
15. Bh1 Bf8 16. Nxc6 bxc6 17. Na4 Ng4 18. Nc5 Qf5 19. Nd3 Rd6 20. Nf4 Rh6 21.
Qd3 Re4 22. Bxe4 dxe4 23. Qd4 c5 24. Qd5 Nxh2 25. Qxf5 Bxf5 26. Red1 Ng4 27.
Rd5 Be6 28. Nxe6 Rxe6 29. Rd8 1-0

[Event "Gibraltar Masters Open 2015"]
[Site "Caleta ENG"]
[Date "2015.02.02"]
[Round "7"]
[White "Cramling, Pia"]
[Black "Menna Barreto, Felipe Kubiaki"]
[Result "1-0"]
[WhiteElo "2518"]
[BlackElo "2247"]
[PlyCount "95"]
[EventDate "2015.01.27"]

1. d4 Nf6 2. Nf3 b5 3. Bg5 Ne4 4. Bh4 Bb7 5. e3 a6 6. Bd3 g6 7. c3 Bg7 8. a4
bxa4 9. Qxa4 O-O 10. O-O d6 11. Qc2 Nf6 12. Nbd2 Nbd7 13. e4 Nh5 14. Nc4 Qe8
15. Na5 Bc8 16. e5 Nf4 17. Bc4 Nb6 18. Ba2 Qd7 19. Bg3 Qg4 20. Qd1 Bh6 21. Re1
Bf5 22. Bb1 Bxb1 23. Rxb1 Qd7 24. Bxf4 Bxf4 25. Qe2 e6 26. Ra1 Bh6 27. Qe4 d5
28. Qe2 Rfb8 29. b4 Bf8 30. Nd2 Na4 31. Nb1 Qb5 32. Qc2 Nb6 33. Nd2 Be7 34. g3
Nd7 35. Ra2 h5 36. Nf1 h4 37. g4 Bg5 38. Ne3 Nb6 39. Rf1 Bd8 40. f4 Qe8 41. Rf3
Nc8 42. Qf2 Ne7 43. g5 Kg7 44. Rh3 Nf5 45. Nxf5+ exf5 46. Qxh4 Kf8 47. Qh8+ Ke7
48. Qf6+ 1-0

[Event "Gibraltar Masters Open 2015"]
[Site "Caleta ENG"]
[Date "2015.02.03"]
[Round "8"]
[White "Muzychuk, Anna"]
[Black "Sethuraman, S.P."]
[Result "1-0"]
[WhiteElo "2544"]
[BlackElo "2624"]
[PlyCount "121"]
[EventDate "2015.01.27"]

1. e4 c5 2. Nf3 e6 3. d4 cxd4 4. Nxd4 Nc6 5. Nc3 Qc7 6. Be3 a6 7. Qf3 Nf6 8.
O-O-O Ne5 9. Qg3 b5 10. f4 Neg4 11. Bg1 b4 12. Nb1 e5 13. fxe5 Nxe5 14. Nd2 d6
15. N2f3 g6 16. Be3 Bg7 17. Bb5+ Bd7 18. Nf5 axb5 19. Nxd6+ Kf8 20. Qxe5 Ng4
21. Qc5 Qxc5 22. Bxc5 Kg8 23. h3 Bh6+ 24. Kb1 Be6 25. b3 Ne3 26. Rd2 Kg7 27.
Bxb4 Rhd8 28. g4 Bf4 29. Nxb5 Bd7 30. Nbd4 Kg8 31. Ne2 Bh6 32. g5 Bg7 33. Bc3
Bc6 34. Rxd8+ Rxd8 35. Bxg7 Bxe4 36. Bf6 Rc8 37. Rc1 Bxf3 38. Nd4 Bg2 39. c4
Bxh3 40. Re1 Nf5 41. Nc6 h5 42. gxh6 Kh7 43. Nd8 Nd6 44. Kb2 Bf5 45. Be7 g5 46.
Bxg5 Ne4 47. Bh4 Rc7 48. a4 Kxh6 49. a5 Kh5 50. Rf1 Bg6 51. Bf2 Nd2 52. Rh1+
Kg4 53. Rh4+ Kf3 54. Bb6 Rd7 55. Rd4 Rxd4 56. Bxd4 Ke2 57. a6 Be4 58. c5 f5 59.
c6 f4 60. c7 Bf5 61. a7 1-0

[Event "Gibraltar Masters Open 2015"]
[Site "Caleta ENG"]
[Date "2015.02.03"]
[Round "8"]
[White "Khademalsharieh, Sarasadat"]
[Black "Khotenashvili, Bela"]
[Result "0-1"]
[WhiteElo "2372"]
[BlackElo "2526"]
[PlyCount "116"]
[EventDate "2015.01.27"]

1. d4 e6 2. c4 b6 3. Nf3 Bb7 4. g3 Bb4+ 5. Bd2 Bxf3 6. exf3 Bxd2+ 7. Qxd2 c6 8.
Nc3 d5 9. cxd5 cxd5 10. Bb5+ Kf8 11. O-O Ne7 12. Rac1 Qd6 13. Ne2 a6 14. Bd3
Nbc6 15. f4 h5 16. h4 g6 17. Rc3 Kg7 18. Rfc1 Nb4 19. Bb1 Rac8 20. Rb3 Rxc1+
21. Nxc1 Rc8 22. a3 Qc7 23. Rc3 Nbc6 24. Bd3 Qb7 25. Ne2 Na5 26. Qc2 b5 27. Rc5
Nc4 28. Qc3 Nb6 29. b3 Rc6 30. Kf1 Nd7 31. Rxc6 Nxc6 32. Ng1 b4 33. axb4 Nxb4
34. Nf3 a5 35. Be2 Qb6 36. Bd3 Nb8 37. Ke2 N8c6 38. Bb1 Qb5+ 39. Bd3 Qb6 40.
Bb1 Qb5+ 41. Bd3 Qb7 42. Bb1 Na6 43. Bd3 Nab8 44. Ke3 Nd7 45. Ke2 Qb6 46. Bc2
Nf6 47. Ke3 Ng4+ 48. Ke2 Nb4 49. Bd3 Na2 50. Qc2 Qxb3 51. Qxb3 Nc1+ 52. Kd1
Nxb3 53. Bb5 Nxf2+ 54. Kc2 a4 55. Bxa4 Na5 56. Ne5 Nb7 57. Bb5 Ne4 58. g4 f6
0-1

[Event "Gibraltar Masters Open 2015"]
[Site "Caleta ENG"]
[Date "2015.02.03"]
[Round "8"]
[White "Paehtz, Thomas"]
[Black "Cramling, Pia"]
[Result "1/2-1/2"]
[WhiteElo "2365"]
[BlackElo "2518"]
[PlyCount "93"]
[EventDate "2015.01.27"]

1. d4 Nf6 2. Nf3 e6 3. e3 b6 4. Bd3 Bb7 5. b3 Be7 6. Bb2 O-O 7. Nbd2 c5 8. O-O
d6 9. c4 Nbd7 10. Re1 Qc7 11. Rc1 Rfe8 12. e4 cxd4 13. Nxd4 a6 14. Bf1 Rac8 15.
Qe2 Qb8 16. g3 Bf8 17. b4 g6 18. f3 Bg7 19. N4b3 Bc6 20. Kh1 h5 21. Bd4 Bh6 22.
Be3 Bf8 23. Bd4 Bh6 24. Be3 Bf8 25. Qf2 Be7 26. Nb1 Ba8 27. Nc3 Bd8 28. c5 bxc5
29. Bxa6 Rc7 30. b5 Ne5 31. Qf1 Ra7 32. Rb1 c4 33. Nd4 Ba5 34. Nc6 Bxc6 35.
bxc6 Qc7 36. Bb7 Rxb7 37. cxb7 Rb8 38. Bd4 Nfd7 39. Rb5 Rxb7 40. Reb1 Rxb5 41.
Rxb5 Nd3 42. Qb1 Bxc3 43. Bxc3 Nf2+ 44. Kg1 Qa7 45. Rb7 Nh3+ 46. Kh1 Nf2+ 47.
Kg1 1/2-1/2

[Event "Gibraltar Masters Open 2015"]
[Site "Caleta ENG"]
[Date "2015.02.04"]
[Round "9"]
[White "Matlakov, Maxim"]
[Black "Muzychuk, Anna"]
[Result "1-0"]
[WhiteElo "2695"]
[BlackElo "2544"]
[PlyCount "75"]
[EventDate "2015.01.27"]

1. d4 d5 2. Nf3 Nf6 3. c4 c6 4. Nc3 e6 5. e3 Nbd7 6. Qc2 Bd6 7. Be2 O-O 8. O-O
e5 9. cxd5 cxd5 10. Nb5 Bb8 11. dxe5 Nxe5 12. Bd2 Bg4 13. Nbd4 Qe7 14. Bc3 Ne4
15. Rad1 Rc8 16. Qb3 Nc4 17. h3 Be6 18. Bb4 Bd6 19. Bxc4 dxc4 20. Bxd6 Nxd6 21.
Qa3 Bd5 22. Ne2 Bxf3 23. gxf3 Qg5+ 24. Ng3 Nb5 25. Qa4 h5 26. h4 Qc5 27. Rd7
Rc7 28. Rfd1 Rxd7 29. Rxd7 Qc6 30. Qd1 c3 31. bxc3 Nxc3 32. Qd3 g6 33. f4 Re8
34. Rd6 Qc5 35. f5 Nb5 36. Rd5 Qc1+ 37. Kh2 Nc7 38. Rd7 1-0

[Event "Gibraltar Masters Open 2015"]
[Site "Caleta ENG"]
[Date "2015.02.04"]
[Round "9"]
[White "Edouard, Romain"]
[Black "Muzychuk, Mariya"]
[Result "1/2-1/2"]
[WhiteElo "2638"]
[BlackElo "2520"]
[PlyCount "61"]
[EventDate "2015.01.27"]

1. Nf3 f5 2. g3 Nf6 3. Bg2 g6 4. d4 Bg7 5. O-O O-O 6. c4 d6 7. Nc3 e6 8. b4
Nbd7 9. b5 Qe7 10. a4 a5 11. Ba3 Rb8 12. Rc1 Rd8 13. c5 d5 14. Nd2 c6 15. Nb3
Ra8 16. f4 Ne4 17. e3 g5 18. Qe1 gxf4 19. gxf4 Ndf6 20. Nxe4 dxe4 21. Nxa5 cxb5
22. Bb4 Nd5 23. Bd2 bxa4 24. Ra1 Qe8 25. Nc4 Qb5 26. Nd6 Qc6 27. Qh4 Rf8 28.
Kh1 b6 29. Nxe4 fxe4 30. Bxe4 Rf5 31. Rg1 1/2-1/2

[Event "Gibraltar Masters Open 2015"]
[Site "Caleta ENG"]
[Date "2015.02.04"]
[Round "9"]
[White "Kjartansson, Gudmundur"]
[Black "Ju, Wenjun"]
[Result "1/2-1/2"]
[WhiteElo "2468"]
[BlackElo "2547"]
[PlyCount "90"]
[EventDate "2015.01.27"]

1. d4 Nf6 2. c4 e6 3. Nf3 Bb4+ 4. Nbd2 b6 5. a3 Bxd2+ 6. Bxd2 Bb7 7. Bg5 h6 8.
Bh4 d6 9. e3 Nbd7 10. Qa4 O-O 11. Be2 Qe7 12. g4 c5 13. g5 hxg5 14. Bxg5 cxd4
15. exd4 a6 16. Rg1 Be4 17. h4 e5 18. d5 b5 19. cxb5 Bxd5 20. h5 Qe6 21. bxa6
Nc5 22. Qh4 Nh7 23. Be3 Bxf3 24. Qg3 Qf6 25. Qxf3 Qxf3 26. Bxf3 Rxa6 27. Bh6
Ne6 28. Bxg7 Nxg7 29. h6 d5 30. Rxg7+ Kh8 31. Bxd5 Rxh6 32. Rg1 f5 33. a4 e4
34. a5 Nf6 35. Bb7 Ng4 36. b4 Rh2 37. Rf1 e3 38. f4 Rb2 39. Bf3 Nf2 40. Rxf2
exf2+ 41. Kf1 Rg8 42. Bg2 Re8 43. Bc6 Rg8 44. Bg2 Re8 45. Bc6 Rg8 1/2-1/2

[Event "Gibraltar Masters Open 2015"]
[Site "Caleta ENG"]
[Date "2015.02.04"]
[Round "9"]
[White "Khotenashvili, Bela"]
[Black "Watson, John L"]
[Result "1-0"]
[WhiteElo "2526"]
[BlackElo "2319"]
[PlyCount "59"]
[EventDate "2015.01.27"]

1. d4 Nf6 2. c4 e6 3. Nf3 c5 4. d5 exd5 5. cxd5 d6 6. Nc3 g6 7. h3 Bg7 8. e4
O-O 9. Bd3 Nbd7 10. O-O Nh5 11. Bg5 Bf6 12. Be3 Ne5 13. Be2 Nxf3+ 14. Bxf3 Ng7
15. Qd2 Qe7 16. Rab1 Be5 17. Rfe1 f5 18. Bg5 Qf7 19. b4 b6 20. bxc5 bxc5 21.
exf5 Bxf5 22. Rxe5 dxe5 23. Re1 e4 24. Nxe4 Bxe4 25. Bxe4 Nf5 26. d6 Nd4 27.
Bxa8 Rxa8 28. Re7 Qf8 29. d7 h6 30. Qd3 1-0

[Event "Gibraltar Masters Open 2015"]
[Site "Caleta ENG"]
[Date "2015.02.04"]
[Round "9"]
[White "Cramling, Pia"]
[Black "Christiansen, Johan-Sebastian"]
[Result "1-0"]
[WhiteElo "2518"]
[BlackElo "2354"]
[PlyCount "65"]
[EventDate "2015.01.27"]

1. Nf3 f5 2. g3 Nf6 3. Bg2 g6 4. b3 Bg7 5. Bb2 d6 6. d4 O-O 7. O-O c6 8. Nbd2
Na6 9. a3 Qc7 10. c4 Re8 11. b4 e5 12. dxe5 dxe5 13. e4 Bd7 14. c5 Rad8 15. Qc2
Bc8 16. Rad1 Kh8 17. Bc3 b6 18. Bxe5 Rxe5 19. Nxe5 Qxe5 20. Nc4 Qc7 21. Rxd8+
Qxd8 22. Nd6 Qc7 23. Qc4 fxe4 24. Bxe4 Nb8 25. Rd1 Nd5 26. Bxd5 cxd5 27. Qxd5
Bf8 28. Nxc8 bxc5 29. Qd8 Qg7 30. b5 c4 31. Nd6 c3 32. Qxb8 Qe7 33. Qc8 1-0

[Event "Gibraltar Masters Open 2015"]
[Site "Caleta ENG"]
[Date "2015.02.05"]
[Round "10"]
[White "Ju, Wenjun"]
[Black "Venkatesh, M.R."]
[Result "1-0"]
[WhiteElo "2547"]
[BlackElo "2460"]
[PlyCount "65"]
[EventDate "2015.01.27"]

1. d4 Nf6 2. c4 e6 3. g3 d5 4. Nf3 dxc4 5. Bg2 Bd7 6. Ne5 Bc6 7. Nxc6 Nxc6 8.
O-O Qd7 9. Nc3 O-O-O 10. e3 e5 11. Qa4 Kb8 12. Qxc4 exd4 13. exd4 Qxd4 14. Qxf7
Ne5 15. Qe6 Re8 16. Qb3 Qb4 17. Qc2 Bd6 18. Bg5 Ned7 19. Rac1 h6 20. Bd2 Qc4
21. b3 Qc5 22. a4 a6 23. b4 Qh5 24. b5 a5 25. Ne4 Nxe4 26. Bxe4 Nf6 27. Bg2 Re2
28. b6 cxb6 29. Qd3 Rd8 30. Bf4 Re6 31. Rfd1 Ne8 32. Qb3 Re7 33. Qxb6 1-0

[Event "Gibraltar Masters Open 2015"]
[Site "Caleta ENG"]
[Date "2015.02.05"]
[Round "10"]
[White "Muzychuk, Anna"]
[Black "Neelotpal, Das"]
[Result "1-0"]
[WhiteElo "2544"]
[BlackElo "2437"]
[PlyCount "141"]
[EventDate "2015.01.27"]

1. e4 e6 2. d4 d5 3. Nc3 Bb4 4. e5 Ne7 5. a3 Bxc3+ 6. bxc3 c5 7. Qg4 Qc7 8.
Qxg7 Rg8 9. Qxh7 cxd4 10. Ne2 Nbc6 11. f4 Bd7 12. Qd3 dxc3 13. Qxc3 O-O-O 14.
Rb1 d4 15. Qd3 Nf5 16. Rg1 f6 17. g4 Nh4 18. exf6 e5 19. f7 Rxg4 20. Rxg4 Bxg4
21. Bh3 Qd7 22. Bxg4 Qxg4 23. Rb3 exf4 24. Qh3 Ng2+ 25. Kf1 Qxh3 26. Rxh3 Ne3+
27. Bxe3 fxe3 28. Rg3 Kd7 29. Rg8 Ke7 30. Nxd4 Kxf7 31. Rxd8 Nxd8 32. Ke2 Kf6
33. Kxe3 Ke5 34. Nf3+ Kd5 35. Kf4 Ne6+ 36. Kf5 b5 37. h4 a5 38. c3 Ng7+ 39. Kg6
Ne6 40. Nd2 Ke5 41. h5 Nf4+ 42. Kg5 Nh3+ 43. Kg4 Nf2+ 44. Kf3 Nd1 45. Ne4 Kf5
46. Nd6+ Kg5 47. Nxb5 Kxh5 48. Ke2 Nb2 49. Nd6 Kg5 50. Kd2 Kf6 51. Kc2 Na4 52.
Nb7 Ke6 53. Kb3 Nb6 54. Nxa5 Kd7 55. a4 Kc7 56. c4 Nd7 57. Kb4 Kb6 58. Nb3 Ne5
59. a5+ Kb7 60. Kb5 Nc6 61. Nc5+ Kc7 62. Ne6+ Kd7 63. a6 Na7+ 64. Kb6 Nc8+ 65.
Kb7 Nd6+ 66. Kb8 Nxc4 67. a7 Nb6 68. Kb7 Na8 69. Nc5+ Kd8 70. Na4 Kd7 71. Nb6+
1-0

[Event "Gibraltar Masters Open 2015"]
[Site "Caleta ENG"]
[Date "2015.02.05"]
[Round "10"]
[White "Santiago, Yago De Moura"]
[Black "Cramling, Pia"]
[Result "1-0"]
[WhiteElo "2406"]
[BlackElo "2518"]
[PlyCount "79"]
[EventDate "2015.01.27"]

1. e4 c5 2. Nf3 e6 3. d4 cxd4 4. Nxd4 a6 5. Bd3 Bc5 6. Nb3 Be7 7. O-O d6 8. c4
Nf6 9. Nc3 b6 10. Qe2 Bb7 11. Bd2 Nc6 12. f4 O-O 13. Rae1 Re8 14. Kh1 Nd7 15.
Bb1 Bf8 16. Nd1 Qc7 17. Ne3 b5 18. Rf3 bxc4 19. Nxc4 g6 20. Rh3 a5 21. Qf2 Bg7
22. Bc3 a4 23. Qh4 Nf8 24. Bxg7 Kxg7 25. Nbd2 Na5 26. Ne3 f5 27. exf5 exf5 28.
Bxf5 Kh8 29. Bd3 Qg7 30. Nf3 Be4 31. Bxe4 Rxe4 32. Ng5 Rd4 33. Nf1 Nc6 34. Rc3
Qf6 35. g3 Rc8 36. Qh3 Rc7 37. Re8 Kg7 38. Rxc6 Rxc6 39. Rxf8 Qxf8 40. Qd7+ 1-0

[Event "4NCL (Great Britain League) 2014/15"]
[Site "Hinckley Island ENG"]
[Date "2015.01.10"]
[Round "3"]
[White "Stefanova, Antoaneta"]
[Black "O'Toole, George E"]
[Result "1-0"]
[WhiteElo "2515"]
[BlackElo "2242"]
[PlyCount "69"]
[EventDate "2014.11.15"]
[WhiteTeam "Guildford 1"]
[BlackTeam "Barbican 4NCL 2"]

1. d4 Nf6 2. Nf3 g6 3. g3 Bg7 4. Bg2 O-O 5. O-O d6 6. c4 Nbd7 7. Qc2 c6 8. Rd1
Re8 9. b3 e5 10. dxe5 dxe5 11. e4 Qc7 12. Ba3 Bf8 13. c5 b6 14. b4 a5 15. cxb6
Qxb6 16. bxa5 Rxa5 17. Bxf8 Nxf8 18. h3 Be6 19. Rc1 Rd8 20. Nbd2 Rd6 21. Bf1
Qa7 22. a4 N8d7 23. Bc4 Rc5 24. Qb3 Bxc4 25. Nxc4 Nxe4 26. Qe3 Nxg3 27. fxg3
Rf6 28. Nfd2 Qa6 29. a5 Rd5 30. Ne4 Rf5 31. Rc3 Rd4 32. Ncd6 Rh5 33. g4 Rh4 34.
Qf2 f5 35. Qxh4 1-0

[Event "4NCL (Great Britain League) 2014/15"]
[Site "Hinckley Island ENG"]
[Date "2015.01.11"]
[Round "4"]
[White "Bremner, Adam"]
[Black "Stefanova, Antoaneta"]
[Result "1/2-1/2"]
[WhiteElo "2183"]
[BlackElo "2515"]
[PlyCount "79"]
[EventDate "2014.11.15"]
[WhiteTeam "Grantham Sharks 1"]
[BlackTeam "Guildford 1"]

1. d4 d5 2. c4 c6 3. cxd5 cxd5 4. Bf4 Nf6 5. e3 Nc6 6. Nc3 a6 7. Nf3 Bg4 8. Be2
e6 9. O-O Be7 10. Ne5 Nxe5 11. Bxe5 Bxe2 12. Nxe2 O-O 13. Qb3 Qd7 14. Rfc1 Rfc8
15. Rxc8+ Rxc8 16. Bxf6 Bxf6 17. Rc1 Be7 18. Rxc8+ Qxc8 19. Qc3 Qc4 20. Qxc4
dxc4 21. Kf1 Kf8 22. Ke1 Bb4+ 23. Nc3 Ke7 24. Kd2 f5 25. f3 Kd6 26. e4 fxe4 27.
fxe4 b5 28. Kc2 e5 29. d5 Kc5 30. Ne2 g6 31. b3 Be1 32. Ng1 Bh4 33. Nf3 Bf6 34.
Kc3 cxb3 35. axb3 a5 36. g4 Bd8 37. Ne1 Bh4 38. Nf3 Bd8 39. Ne1 Bh4 40. Nf3
1/2-1/2

[Event "4NCL (Great Britain League) 2014/15"]
[Site "Hinckley Island ENG"]
[Date "2015.02.14"]
[Round "5"]
[White "Chevannes, Sabrina L"]
[Black "Stefanova, Antoaneta"]
[Result "0-1"]
[WhiteElo "2173"]
[BlackElo "2515"]
[PlyCount "136"]
[EventDate "2014.11.15"]
[WhiteTeam "Cambridge University 1"]
[BlackTeam "Guildford 1"]

1. d4 d5 2. Nf3 Nf6 3. c4 c6 4. Nbd2 h6 5. Qc2 g6 6. e3 Bg7 7. Bd3 Na6 8. a3 c5
9. cxd5 cxd4 10. e4 O-O 11. O-O e6 12. d6 Nd7 13. Bxa6 bxa6 14. e5 Bb7 15. Re1
Qa5 16. Nc4 Qd5 17. b3 g5 18. Qd1 f5 19. Bb2 g4 20. Nh4 d3 21. Ne3 Qb5 22. a4
Qb4 23. Nc4 Nc5 24. Ba3 Qxb3 25. Qxb3 Nxb3 26. Rab1 Bd5 27. Rxb3 Bxc4 28. Rc3
d2 29. Rd1 Bd5 30. Ng6 Rf7 31. Ne7+ Rxe7 32. dxe7 Bxe5 33. Rd3 Bf4 34. g3 Bg5
35. R1xd2 Bxd2 36. Rxd2 Kf7 37. Kf1 Rc8 38. Ke1 Rc3 39. Bb4 Rc1+ 40. Ke2 a5 41.
Bxa5 Kxe7 42. Rb2 Ra1 43. Bb4+ Kd7 44. a5 h5 45. Ke3 Kc6 46. Bc3 Ra4 47. Rb8
Re4+ 48. Kd2 Bc4 49. Kd1 Be2+ 50. Kc2 Bb5 51. Kd1 Kc5 52. Rc8+ Kd5 53. Bd2 Ra4
54. Rh8 Ke4 55. Rb8 a6 56. Rb6 Kd5 57. Rb8 Ra1+ 58. Kc2 Rh1 59. Be3 Rxh2 60.
Rd8+ Ke4 61. Rd6 e5 62. Kc3 h4 63. gxh4 Rxh4 64. Re6 Rh3 65. Kb4 Rxe3 66. fxe3
g3 67. Rg6 Kf3 68. Rg5 Bd3 0-1

[Event "Petrov Memorial (blitz) 2015"]
[Site "Jurmala LAT"]
[Date "2015.03.06"]
[Round "1"]
[White "Nesterov, Arseniy"]
[Black "Gunina, Valentina"]
[Result "0-1"]
[WhiteElo "2096"]
[BlackElo "2528"]
[PlyCount "56"]
[EventDate "2015.03.06"]

1. e4 c6 2. d4 d5 3. Nc3 dxe4 4. Nxe4 Bf5 5. Ng3 Bg6 6. h4 h6 7. Nf3 Nd7 8. h5
Bh7 9. Bd3 Bxd3 10. Qxd3 e6 11. Bd2 Ngf6 12. O-O-O Be7 13. Ne4 Nxe4 14. Qxe4
Nf6 15. Qe2 Qd5 16. Ne5 Qxa2 17. Bc3 Nd5 18. Kd2 O-O 19. g3 Rad8 20. Ra1 Nxc3
21. bxc3 Qd5 22. Nd3 c5 23. dxc5 Bxc5 24. Rhe1 b5 25. f4 b4 26. Qe4 bxc3+ 27.
Kxc3 Bd4+ 28. Kd2 Qxe4 0-1

[Event "Petrov Memorial (blitz) 2015"]
[Site "Jurmala LAT"]
[Date "2015.03.06"]
[Round "2"]
[White "Gunina, Valentina"]
[Black "Smorodinskis, Igors"]
[Result "1-0"]
[WhiteElo "2528"]
[BlackElo "2323"]
[PlyCount "63"]
[EventDate "2015.03.06"]

1. d4 d5 2. c4 c6 3. Nf3 Nf6 4. Nc3 dxc4 5. a4 Bf5 6. e3 e6 7. Bxc4 Bb4 8. O-O
O-O 9. Qe2 Nbd7 10. e4 Bg6 11. Bd3 Bh5 12. e5 Nd5 13. Ne4 h6 14. Ng3 Bg6 15.
Bxg6 fxg6 16. Qe4 g5 17. Qg6 Qe8 18. Qe4 Nf4 19. h4 Be7 20. hxg5 Bxg5 21. Nxg5
hxg5 22. Bd2 a5 23. Ra3 Rc8 24. Ne2 c5 25. Bxf4 gxf4 26. Rh3 Rf5 27. d5 Qf7 28.
dxe6 Qxe6 29. Nxf4 Qxe5 30. Qc4+ Rf7 31. Rh8+ Kxh8 32. Qxf7 1-0